| 000 | 00601nam a2200229Ia 4500 | ||
|---|---|---|---|
| 008 | 160404s9999 xx 000 0 und d | ||
| 020 | _a971-12-0263-8 | ||
| 050 | _aFIL HF 5635 | ||
| 050 | _b.P44 2005 | ||
| 100 | _aPefianco, Erlinda C. | ||
| 245 | _aAccounting process : | ||
| 245 | _bprinciples and problems / | ||
| 245 | _cErlinda C. Pefianco, Rosario D. Mercado. | ||
| 250 | _a3rd Edition | ||
| 260 | _aMakati City: | ||
| 260 | _bGoodwill Tradaing Co., Inc., | ||
| 260 | _c2005 | ||
| 300 | _a289 pages : | ||
| 300 | _billustrations ; | ||
| 300 | _c26 cm. | ||
| 650 | _aAccounting. | ||
| 999 |
_c293221 _d293221 |
||